000 01079nam a2200241 i 4500
001 18406
003 ES-MaACL
005 20250603165958.0
007 t|
008 011220s1885 sp |||| | spa d
080 _a308(460)"18"
100 1 _aMoret, Segismundo,
_d1833-1913
_9162747
245 1 0 _aDiscurso leído por el Excmo. Señor D. Segismundo Moret y Prendergast el día 16 de noviembre de 1885 en el Ateneo Científico y Literario de Madrid, con motivo de la apertura de sus cátedras :
_b[Situación actual de España].
260 _aMadrid :
_b[s.n.],
_c1885 (
_fImp. Central, a cargo de Víctor Saiz)
300 _a47 p. ;
_c24 cm.
610 2 4 _aAteneo de Madrid-
_vDiscursos de apertura-
_yS.XIX.
_91912
610 2 4 _aAteneo de Madrid-
_vObras digitalizadas.
_91930
651 4 _aEspaña-
_xSituación social-
_yS.XIX
_98512
852 4 _aES-MaACL
_jB-1626(4)
852 4 _aES-MaACL
_jFol-Laf-70
_z- Legado Modesto Lafuente
856 _uhttp://www.ateneodemadrid.net/biblioteca_digital/folletos/Discursos-014.pdf
_zVer documento
999 _c18406
_d18406